000 00754nam a2200277Ia 4500
005 20260324124355.0
008 008 260324s9999 xx 000 0 eng d
020 _a9780429206344
037 _aEBOOK
040 _aCRL
040 _beng
040 _cCRL
041 _2eng
041 _aeng
084 _qCRL
100 _aJiin-Shuh Jean; Jochen Bundschuh; Chien-Jen Chen; How-Ran Guo; Yen-Hua Chen; Tsair-Fuh Lin; Chen-Wuing Liu
_91173904
245 4 _aThe Taiwan Crisis: a showcase of the global arsenic problem
260 _bTaylor and Francis
260 _c2010
365 _a
365 _b225
856 _uhttp://www.taylorfrancis.com/books/9780429206344
942 _cEBOOK
999 _c1768225
_d1768225